000 00748nam a2200265 i 4500
001 C2-0257904
003 PPAK
005 20180727224721.0
008 040827s2004 my a|||| ||||| | eng d
020 _a9830233979
040 _aPPAK
_beng
_cPPAK
_erda
082 0 4 _a398.2
_223
090 0 0 _a398.2
_bYUL
_dK
100 0 _aYulis Haji Alwi,
_eauthor
245 1 4 _aThe cruel stepmother
264 1 _aSeri Kembangan, Selangor :
_bPustaka Cita Tinggi ,
_c2004
300 _a70 pages :
_billustrations ;
_c22 cm
336 _2rdacontent
_atext
337 _2rdamedia
_aunmediated
338 _2rdacarrier
_avolume
490 1 _aAncients tales for today's teen
650 1 0 _aTales
830 0 _aAncients tales for today's teen
942 _ddc
_cB
999 _c69614
_d69614